000 00316nam a22001337a 4500
008 260210b ||||| |||| 00| 0 eng d
020 _a9788858341254
041 _aeng
080 _a0025
100 _a20
101 _aital
245 _aIl celi Impatto
_cDaniela Alessandroni , Roberta Rondoni
942 _2lcc
_cBK
999 _c60763
_d60763